01086nab a22001937a 4500003000400000005001700004008004100021040000700062100002700069245010600096260007200202300000900274500003800283505031700321505008900638650002000727650001300747773013200760OSt20251231180134.0190605e xxu||||| |||| 00| 0 spa d cPJ aLitterio, Liliana Hebe13aEl trabajo infantil escondido detrás de los muros del deporte :bfútbol /cLiliana Hebe Litterio. aCiudad Autónoma de Buenos Aires :bThomson Reuters La Ley,c2023. ap. 5 aCita: TR LALEY AR/DOC/939/2023.  aSumario: I. Una visión general del tema.— II. Algunas de las normas existentes.— III. La mirada de algunos de los protagonistas: entrenadores, preparadores físicos, coordinadores, progenitores y más.— IV. La sombra de algunos futbolistas que no llegaron a la meta.— V. Una breve reflexión final.  t¿Te interesa el texto completo? Solicitalo al correo: koha@justierradelfuego.gov.ar 0aDERECHO LABORAL 0aDEPORTES0 02711dCiudad Autónoma de Buenos Aires : Thomson Reuters La Ley, 1999-2002.tRevista de derecho del trabajo. Nº 3 - Mayo 2023